Quel pays pour ces codes internationaux ? (9) - Statistiques

Statistiques générales
  • Ce quiz a été pris 19 fois
  • Le résultat moyen est 15 sur 20
Statistiques - réponses
Codes Pays % Correct
SA / AR / ARG / AR / Argentine
94%
BGR / BU / LB / BG / LZ Bulgarie
94%
DMA / DO / DM / TD Dominique
94%
FJI / FJ / NF / fj Fidji
94%
LSO / LT / FX / LS Lesotho
94%
MOZ / MZ / FQ / C9 Mozambique
94%
NLD / NL / EH / PH Pays-Bas
94%
RWA / RW / HR / rw Rwanda
94%
SVK / SK / LZ / OM Slovaquie
94%
LO / VH / AUT / AT Autriche
88%
VQ / A5 / BT / BTN Bhoutan
88%
LY / LBY / HL / 5A Libye
88%
TH / THA / VT / HS Thaïlande
81%
KZ / KGZ / UA / KG Kirghizistan
75%
MO / MAR / GM / MA Maroc
69%
HRV / HR / LD / 9A / hr Croatie
50%
NU / NIU / nu Niue
38%
SS / SSD / ss Soudan-du-Sud
38%
CD / TCD / FT / TD Tchad
19%
ARE / TC / AE / OM Emirats arabes unis
13%
Aucun quiz correspondant
Distribution des résultats
% des personnes avec chaque résultat
Percentile par nombre de réponses
Votre historique - résultats
Vous n’avez pas pris ce quiz